00926nam a2200217 a 4500001001000000003000500010005001700015008004100032010001100073011001100084040000900095100003800104245017600142260004100318500006000359502009300419650003900512650003000551650005700581856007000638000109404CHAP20220329144049.0140424s2013 mx a sm |||||||spa d a105866 a106838 cCHAP1 aDíaz Nájera, José Francisco10aEtiología y manejo de hongos causantes de la pudrición de fruto en calabaza pipiana (Cucurbita argyrosperma Huber)h[En línea]cpor José Francisco Díaz Nájera. aChapingo, Méx. :bEl autor,c2013. aPara ver el contenido del material haga clic en la liga aTesis (M.C. en Protección Vegetal) -- UACH. Departamento de Parasitología Agrícola14aCalabazaxEnfermedades por hongos.14aFungicidasxAplicación.14aHongos fitopatógenosxFisiología y morfología. aFinding aiduhttp://10.13.5.2/tesis/sist109404.pdfzTeclea aquí